Learning to pass ECDL using office 2000 (Record no. 80462)

MARC details
000 -LEADER
fixed length control field 01061nam a2200193 a 4500
008 - FIXED-LENGTH DATA ELEMENTS--GENERAL INFORMATION
fixed length control field 120416s2002 ||||||||||||||||| || u
020 ## - INTERNATIONAL STANDARD BOOK NUMBER
International Standard Book Number 0435455788
050 ## - LIBRARY OF CONGRESS CALL NUMBER
Classification number QA 76.16 Bes
100 ## - MAIN ENTRY--PERSONAL NAME
Personal name Bessant, Angela
245 10 - TITLE STATEMENT
Title Learning to pass ECDL using office 2000
260 ## - PUBLICATION, DISTRIBUTION, ETC.
Place of publication, distribution, etc. Oxford
Name of publisher, distributor, etc. Heinemann
Date of publication, distribution, etc. 2002
300 ## - PHYSICAL DESCRIPTION
Extent vii, 400p. : ill.
350 ## -
-- 0.00
650 ## - SUBJECT ADDED ENTRY--TOPICAL TERM
Topical term or geographic name entry element COMPUTERS
995 ## -
-- ANNEX COLLECTION (Main Library)
-- 0.00
-- 734610
-- CBU-MAIN LIBRARY (Kitwe)
-- 1
-- 25.00
-- QA 76.16 Bes
-- 1
-- AVAILABLE
-- 48011
-- Annex Low-Usage Collection
995 ## -
-- MAIN LIBRARY OPEN ACCESS
-- 0.00
-- 734611
-- CBU-MAIN LIBRARY (Kitwe)
-- 2
-- 25.00
-- QA 76.16 Bes
-- 2
-- AVAILABLE
-- Apr 24, 2007
-- 47844
-- Main Library Open Access Collection
995 ## -
-- ANNEX COLLECTION (Main Library)
-- 0.00
-- 735947
-- CBU-MAIN LIBRARY (Kitwe)
-- 1
-- 0.00
-- QA 76.16 Bes
-- 4
-- AVAILABLE
-- May 3, 2007
-- 38917
-- Annex Low-Usage Collection
995 ## -
-- ANNEX COLLECTION (Main Library)
-- 0.00
-- 735948
-- CBU-MAIN LIBRARY (Kitwe)
-- 3
-- 25.00
-- QA 76.16 Bes
-- 3
-- AVAILABLE
-- Jul 7, 2006
-- 38916
-- Annex Low-Usage Collection
999 ## -
-- 80462
-- 80462
Holdings
Withdrawn status Lost status Source of classification or shelving scheme Damaged status Not for loan Permanent Location Current Location Date acquired Full call number Barcode Date last seen Copy number Price effective from Koha item type Shelving location Total Checkouts
Withdrawn         CBU-MAIN LIBRARY, KITWE. CBU-MAIN LIBRARY, KITWE. 06/30/2023 QA 76.16 Best 48011 06/30/2023 1 06/30/2023 MONOGRAPH    
          CBU-MAIN LIBRARY, KITWE. CBU-MAIN LIBRARY, KITWE. 06/30/2023 QA 76.16 Bes 47844 06/30/2023 2 06/30/2023 MONOGRAPH    
          CBU-MAIN LIBRARY, KITWE. CBU-MAIN LIBRARY, KITWE. 06/30/2023 QA 76.16 Bes 38917 06/30/2023 3 06/30/2023 MONOGRAPH    
          CBU-MAIN LIBRARY, KITWE. CBU-MAIN LIBRARY, KITWE. 06/30/2023 QA 76.16 Bes 38916 06/30/2023 4 06/30/2023 MONOGRAPH